|
|
|
|
| LEADER |
00000nam0a2200000 4500 |
| 001 |
146195 |
| 005 |
20231031144522.0 |
| 035 |
|
|
|a (RuTPU)RU\TPU\book\158462
|
| 090 |
|
|
|a 146195
|
| 100 |
|
|
|a 20081028d1986 m y0rusy50 ca
|
| 101 |
0 |
|
|a rus
|
| 102 |
|
|
|a RU
|
| 105 |
|
|
|a a j 001zy
|
| 200 |
1 |
|
|a Машины и аппараты целлюлозного производства
|e учебное пособие для вузов
|f Г. А. Тордуа
|
| 210 |
|
|
|a Москва
|c Лесная промышленность
|d 1986
|
| 215 |
|
|
|a 440 с.
|c ил.
|
| 225 |
1 |
|
|a Для вузов
|
| 320 |
|
|
|a Библиогр.: с. 432.
|
| 320 |
|
|
|a Предметный указатель: с. 433-436.
|
| 610 |
1 |
|
|a целлюлозное производство
|
| 610 |
1 |
|
|a целлюлозно-бумажное производство
|
| 610 |
1 |
|
|a варочные котлы
|
| 610 |
1 |
|
|a котлы
|
| 610 |
1 |
|
|a конструкции
|
| 610 |
1 |
|
|a конструктивные формы
|
| 610 |
1 |
|
|a конструктивные расчеты
|
| 610 |
1 |
|
|a коррозия
|
| 610 |
1 |
|
|a причины
|
| 610 |
1 |
|
|a футеровка
|
| 610 |
1 |
|
|a монтаж
|
| 610 |
1 |
|
|a учебные пособия
|
| 675 |
|
|
|a 676.05(075.8)
|v 3
|
| 700 |
|
1 |
|a Тордуа
|b Г. А.
|g Григорий Александрович
|
| 801 |
|
1 |
|a RU
|b 63413507
|c 20081028
|g PSBO
|
| 801 |
|
2 |
|a RU
|b 63413507
|c 20090216
|g PSBO
|
| 942 |
|
|
|c BK
|